000 00947nam a2200229 a 4500
001 000041528
005 20201002035626.0
008 131009s2000 sp 000 0 spa d
020 _a840007906X
040 _aDO-SdBNP
_bspa
_cBNPHU
082 _axxx
_bC198L
100 1 _aCampos Marín, Ricardo
_938738
245 1 4 _aLos ilegales de la naturaleza :
_bmedicina y degeneracionismo en la Espanña de la Restauración, 1876-1923 /
_cRicardo Campos Marín, José Martínez Pérez, Rafael Huertas García-Alejo.
260 _aMadrid :
_bConsejo Superior de Investigaciones Científicas,
_c2000.
300 _axviii, 286 p. ;
_c22 cm.
490 1 _aEstudios sobre la ciencia
_v26
500 _aIncluye referencias bibliográficas y notas al pie de las páginas.
504 _aBibliografía: p. 261-286
700 1 2 _aMartínez Pérez, José
_968252
700 1 2 _aGarcía-Alejo, Rafael Huertas
_968253
830 0 _aEstudios sobre la ciencia
_n26
_968254
999 _c41018
_d41018